[Event "Titled Tuesday 2021.01.26"]
[Site "chess.com INT"]
[Date "2021.01.26"]
[Round "3"]
[White "Rodrigue-Lemieux, Shawn"]
[Black "Eynullayev, Atilla"]
[Result "1-0"]
[WhiteElo "2276"]
[BlackElo "2347"]
[PlyCount "79"]
[EventDate "2021.01.26"]
[EventType "team (blitz)"]
[EventRounds "11"]
[EventCountry "NET"]
[Source "Mark Crowther"]
[SourceDate "2021.02.01"]

1. c4 e5 2. g3 Nf6 3. Bg2 c6 4. d4 e4 5. Nc3 d5 6. Bg5 Bb4 7. Nh3 Nbd7 8. O-O
h6 9. Bf4 O-O 10. Kh1 Re8 11. cxd5 Bxc3 12. dxc6 Bxb2 13. cxd7 Qxd7 14. Rb1
Bxd4 15. Qb3 Qf5 16. Rfd1 Bb6 17. e3 Be6 18. Qb2 Ng4 19. Ng1 Red8 20. h3 Nf6
21. g4 Qg6 22. Ne2 Nd5 23. Be5 Rac8 24. Ng3 Ne7 25. Bxe4 Qg5 26. Kg2 Bd5 27.
Bf4 Bxe4+ 28. Nxe4 Qg6 29. Nd6 Rc6 30. Nxb7 Rxd1 31. Rxd1 Re6 32. Nd6 Kh7 33.
a4 h5 34. Qe2 hxg4 35. Qxg4 Qxg4+ 36. hxg4 Ng6 37. Nxf7 Nxf4+ 38. exf4 Re2 39.
Ng5+ Kg6 40. Rd6+ 1-0

[Event "Titled Tuesday 2021.01.26"]
[Site "chess.com INT"]
[Date "2021.01.26"]
[Round "4"]
[White "Rodrigue-Lemieux, Shawn"]
[Black "Terry, R."]
[Result "0-1"]
[WhiteElo "2276"]
[BlackElo "2504"]
[PlyCount "91"]
[EventDate "2021.01.26"]
[EventType "team (blitz)"]
[EventRounds "11"]
[EventCountry "NET"]
[Source "Mark Crowther"]
[SourceDate "2021.02.01"]

1. c4 e5 2. g3 Nf6 3. Bg2 c6 4. d4 Bb4+ 5. Bd2 Bxd2+ 6. Qxd2 d6 7. dxe5 dxe5 8.
Qxd8+ Kxd8 9. Nc3 Kc7 10. O-O-O Be6 11. b3 Ng4 12. Rf1 Nd7 13. Nf3 f6 14. h3
Nh6 15. Rd1 Nc5 16. Nd2 f5 17. f4 e4 18. Nf1 a5 19. Ne3 g6 20. Kc2 Nf7 21. g4
h5 22. gxf5 gxf5 23. Rhg1 Rag8 24. Bh1 h4 25. a3 Nd6 26. Rdf1 Ne8 27. Rg5 Rxg5
28. fxg5 Nd6 29. Ng2 Rg8 30. Nf4 Bf7 31. Rg1 Ne6 32. Nxe6+ Bxe6 33. e3 Nf7 34.
g6 Ne5 35. g7 Kd7 36. Ne2 Ke7 37. Nf4 Bf7 38. Kc3 Kf6 39. Kd4 b6 40. c5 b5 41.
b4 a4 42. Rg2 Nc4 43. Rg1 Rd8+ 44. Kc3 Nxe3 45. Nh5+ Ke5 46. Rg6 0-1

[Event "Titled Tuesday 2021.01.26"]
[Site "chess.com INT"]
[Date "2021.01.26"]
[Round "5"]
[White "Kovanova, B."]
[Black "Rodrigue-Lemieux, Shawn"]
[Result "0-1"]
[WhiteElo "2325"]
[BlackElo "2276"]
[PlyCount "64"]
[EventDate "2021.01.26"]
[EventType "team (blitz)"]
[EventRounds "11"]
[EventCountry "NET"]
[Source "Mark Crowther"]
[SourceDate "2021.02.01"]

1. e4 c6 2. d4 d5 3. Nc3 dxe4 4. Nxe4 Nf6 5. Nxf6+ exf6 6. Bd3 Qxd4 7. Nf3 Qd8
8. O-O Be7 9. Bf4 O-O 10. Re1 Nd7 11. Qe2 Re8 12. Bd6 Ne5 13. Bxe5 fxe5 14.
Qxe5 Be6 15. Rad1 Qb6 16. b3 Bf6 17. Qg3 h6 18. Ne5 Qb4 19. c3 Qa5 20. c4 Rad8
21. h3 Bc8 22. Nf3 Rxe1+ 23. Nxe1 Bf5 24. Qf3 Bxd3 25. Nxd3 Qxa2 26. Nc5 Rxd1+
27. Qxd1 b6 28. Nd7 Bh4 29. g3 Be7 30. Ne5 Bc5 31. Qf3 Qa1+ 32. Kg2 Qxe5 0-1

[Event "Titled Tuesday 2021.01.26"]
[Site "chess.com INT"]
[Date "2021.01.26"]
[Round "6"]
[White "Rodrigue-Lemieux, Shawn"]
[Black "Yilmaz, M."]
[Result "1/2-1/2"]
[WhiteElo "2276"]
[BlackElo "2630"]
[PlyCount "162"]
[EventDate "2021.01.26"]
[EventType "team (blitz)"]
[EventRounds "11"]
[EventCountry "NET"]
[Source "Mark Crowther"]
[SourceDate "2021.02.01"]

1. c4 e5 2. g3 c6 3. d4 e4 4. d5 Nf6 5. Nc3 cxd5 6. cxd5 Bc5 7. Bg2 Qe7 8. Nh3
O-O 9. Bg5 e3 10. O-O exf2+ 11. Nxf2 h6 12. Bxf6 Qxf6 13. Nce4 Bxf2+ 14. Rxf2
Qxb2 15. e3 Qe5 16. Rc1 d6 17. Qd4 Nd7 18. Qb4 a5 19. Qxd6 Ra6 20. Qxe5 Nxe5
21. Rfc2 Bf5 22. Rc7 Bxe4 23. Bxe4 b5 24. R1c5 Nc4 25. Kf2 g6 26. Bd3 Nd6 27.
R5c6 Rfa8 28. Rd7 Nc4 29. Bxc4 bxc4 30. Rxc4 Rb6 31. Rf4 Rb2+ 32. Kf3 Rf8 33.
h4 Rxa2 34. Ra7 a4 35. Ke4 a3 36. Kf3 Ra1 37. Rfa4 Rf1+ 38. Ke2 Rg1 39. Kf2 Rd1
40. e4 Re8 41. Ra8 Rxa8 42. Rxa8+ Kg7 43. Rxa3 Kf6 44. Rf3+ Ke7 45. Ke3 g5 46.
hxg5 hxg5 47. Rf5 f6 48. e5 fxe5 49. Rxe5+ Kf6 50. Re6+ Kf5 51. Rd6 Ke5 52. Rd8
Kf5 53. d6 Kg4 54. d7 Rd5 55. Ke4 Rd1 56. Ke5 Kxg3 57. Rg8 Rxd7 58. Rxg5+ Kf3
59. Rg8 Ke3 60. Re8 Rh7 61. Kf5+ Kf3 62. Kg6 Rh4 63. Rf8+ Ke4 64. Kf7 Rh6 65.
Ke7 Ra6 66. Rf1 Kd3 67. Rd1+ Kc2 68. Rh1 Kd2 69. Rh2+ Ke3 70. Rh4 Kf3 71. Rb4
Ke3 72. Kd7 Kd3 73. Rh4 Rg6 74. Kc7 Ke3 75. Kd7 Kf3 76. Ra4 Ke3 77. Ke7 Kf3 78.
Kf7 Rd6 79. Ke7 Rg6 80. Kf7 Rg4 81. Rxg4 Kxg4 1/2-1/2

[Event "Titled Tuesday 2021.01.26"]
[Site "chess.com INT"]
[Date "2021.01.26"]
[Round "7"]
[White "Bodnaruk, Anastasia"]
[Black "Rodrigue-Lemieux, Shawn"]
[Result "0-1"]
[WhiteElo "2443"]
[BlackElo "2276"]
[PlyCount "70"]
[EventDate "2021.01.26"]
[EventType "team (blitz)"]
[EventRounds "11"]
[EventCountry "NET"]
[Source "Mark Crowther"]
[SourceDate "2021.02.01"]

1. e4 c6 2. Nf3 d5 3. exd5 cxd5 4. Ne5 Nc6 5. d4 Nf6 6. c3 e6 7. Bd3 Bd6 8. f4
O-O 9. O-O Ne4 10. Nd2 Nxd2 11. Bxd2 f6 12. Nf3 Rb8 13. Qc2 f5 14. Rae1 b5 15.
Qd1 h6 16. Kh1 a5 17. Rg1 Qc7 18. Ne5 Nxe5 19. fxe5 Be7 20. g4 f4 21. Bb1 Bh4
22. Qc2 g5 23. Ref1 Qg7 24. Rf3 Bd7 25. a3 Rfc8 26. Qd3 b4 27. cxb4 Bb5 28. Qg6
Qxg6 29. Bxg6 Be2 30. Rc3 axb4 31. axb4 Rxc3 32. Bxc3 f3 33. Rc1 Rf8 34. b5 f2
35. b6 Bf3# 0-1

[Event "Titled Tuesday 2021.01.26"]
[Site "chess.com INT"]
[Date "2021.01.26"]
[Round "8"]
[White "Rodrigue-Lemieux, Shawn"]
[Black "Shankland, S."]
[Result "0-1"]
[WhiteElo "2276"]
[BlackElo "2691"]
[PlyCount "124"]
[EventDate "2021.01.26"]
[EventType "team (blitz)"]
[EventRounds "11"]
[EventCountry "NET"]
[Source "Mark Crowther"]
[SourceDate "2021.02.01"]

1. c4 c6 2. Nf3 d5 3. e3 Nf6 4. b3 e6 5. Bb2 Bd6 6. Be2 O-O 7. O-O Nbd7 8. Nc3
Qe7 9. Rb1 b6 10. Qc2 Bb7 11. Rfd1 Rac8 12. d4 Rfd8 13. e4 dxe4 14. Nxe4 Nxe4
15. Qxe4 Nf6 16. Qh4 c5 17. Re1 cxd4 18. Nxd4 Nd7 19. Qh3 Be5 20. Bd3 g6 21.
Bc2 Bg7 22. Qg3 Qf8 23. Rbd1 a5 24. Bc1 Nc5 25. Nb5 Rxd1 26. Rxd1 Rd8 27. Qc7
Rxd1+ 28. Bxd1 Be4 29. Qxb6 Nd3 30. Ba3 Qa8 31. f3 Bc6 32. Nc7 Qd8 33. Kf1 Nb4
34. Nd5 Qxb6 35. Nxb6 Nxa2 36. Bc2 Bd4 37. Na4 Nb4 38. Bxb4 axb4 39. Be4 Bxe4
40. fxe4 Kf8 41. Ke2 Ke7 42. Kd3 e5 43. c5 f5 44. g3 Kd7 45. h3 Kc6 46. exf5
gxf5 47. Kc4 Bf2 48. Kxb4 Bxg3 49. Kc4 f4 50. b4 f3 51. b5+ Kd7 52. Kd3 e4+ 53.
Ke3 Bf4+ 54. Kf2 Be5 55. Nb6+ Ke6 56. Nc4 Bd4+ 57. Kg3 Bxc5 58. b6 Kd5 59. b7
Ba7 60. Nd2 f2 61. Kg2 e3 62. Nb1 Ke4 0-1

[Event "Titled Tuesday 2021.01.26"]
[Site "chess.com INT"]
[Date "2021.01.26"]
[Round "9"]
[White "Palchuk, Andrii"]
[Black "Rodrigue-Lemieux, Shawn"]
[Result "1-0"]
[WhiteElo "2177"]
[BlackElo "2276"]
[PlyCount "65"]
[EventDate "2021.01.26"]
[EventType "team (blitz)"]
[EventRounds "11"]
[EventCountry "NET"]
[Source "Mark Crowther"]
[SourceDate "2021.02.01"]

1. e4 c6 2. d4 d5 3. exd5 cxd5 4. Bd3 Nc6 5. c3 Qc7 6. h3 g6 7. Nf3 Bg7 8. O-O
Nf6 9. Nbd2 O-O 10. Re1 Bf5 11. Bxf5 gxf5 12. Ne5 Nxe5 13. Rxe5 e6 14. Re1 b5
15. Nf1 a5 16. Ng3 b4 17. Nh5 Nxh5 18. Qxh5 bxc3 19. bxc3 Qxc3 20. Bh6 Qxd4 21.
Bxg7 Qxg7 22. Rad1 Qg6 23. Qh4 Rab8 24. Re3 Rb4 25. Rd4 f4 26. Rxf4 Qb1+ 27.
Kh2 Rxf4 28. Qxf4 Qb2 29. Re5 f6 30. Rxe6 Qxa2 31. Re7 Qc2 32. Qc7 Qxc7+ 33.
Rxc7 1-0

[Event "Titled Tuesday 2021.01.26"]
[Site "chess.com INT"]
[Date "2021.01.26"]
[Round "10"]
[White "Rodrigue-Lemieux, Shawn"]
[Black "Garcia Ramos, Daniel"]
[Result "1-0"]
[WhiteElo "2276"]
[BlackElo "2380"]
[PlyCount "103"]
[EventDate "2021.01.26"]
[EventType "team (blitz)"]
[EventRounds "11"]
[EventCountry "NET"]
[Source "Mark Crowther"]
[SourceDate "2021.02.01"]

1. a3 e5 2. c4 d5 3. cxd5 Nf6 4. e4 Nbd7 5. Nc3 Bc5 6. d3 O-O 7. Be2 c6 8. dxc6
bxc6 9. Nf3 Ng4 10. O-O Ba6 11. b4 Bb6 12. h3 Ngf6 13. Bb2 Re8 14. Rc1 Nh5 15.
d4 Bxe2 16. Nxe2 exd4 17. Nexd4 Rxe4 18. Nxc6 Qe8 19. Re1 Ndf6 20. Bxf6 Nxf6
21. Rxe4 Qxe4 22. Qe1 Qd3 23. Ne7+ Kh8 24. Nc8 Qxa3 25. Ng5 Qa2 26. Ne4 Nxe4
27. Qxe4 Qxf2+ 28. Kh1 Qe3 29. Qc6 Rb8 30. Nd6 Rf8 31. Nxf7+ Kg8 32. Nd6 Qe6
33. Rd1 h6 34. b5 Rf2 35. Qc8+ Qxc8 36. Nxc8 Rb2 37. Rd5 Kf7 38. Kh2 Ke6 39.
Rd6+ Ke5 40. Rc6 Rxb5 41. Ne7 Rb2 42. Kg3 Bf2+ 43. Kf3 Bb6 44. Rc4 g5 45. Nc6+
Kd5 46. Rc1 Rb3+ 47. Kg4 Bc5 48. Nd8 Bd6 49. Rd1+ Kc5 50. Ne6+ Kc6 51. Nd4+ Kd7
52. Nxb3 1-0

[Event "Titled Tuesday 2021.01.26"]
[Site "chess.com INT"]
[Date "2021.01.26"]
[Round "11"]
[White "Costachi, Mihnea"]
[Black "Rodrigue-Lemieux, Shawn"]
[Result "1-0"]
[WhiteElo "2471"]
[BlackElo "2276"]
[PlyCount "73"]
[EventDate "2021.01.26"]
[EventType "team (blitz)"]
[EventRounds "11"]
[EventCountry "NET"]
[Source "Mark Crowther"]
[SourceDate "2021.02.01"]

1. d4 Nf6 2. c4 e6 3. Nf3 a5 4. Nc3 Bb4 5. Bg5 a4 6. a3 Bxc3+ 7. bxc3 c5 8. d5
Qa5 9. Bxf6 gxf6 10. Qc2 d6 11. e4 e5 12. Bd3 Nd7 13. O-O Nf8 14. Rab1 Ng6 15.
g3 O-O 16. Rb5 Qa7 17. Rfb1 Rb8 18. Rb6 Rd8 19. Qd2 Kg7 20. h4 Bg4 21. Nh2 Bc8
22. Qe3 Ne7 23. h5 h6 24. Be2 f5 25. f4 exf4 26. Qxf4 fxe4 27. Rxd6 Rxd6 28.
Qxd6 Nf5 29. Qe5+ Kf8 30. d6 Kg8 31. Ng4 Be6 32. Nf6+ Kf8 33. g4 Ng7 34. g5 Nf5
35. Nd7+ Kg8 36. Nf6+ Kf8 37. gxh6 1-0

[Event "Titled Tuesday 2021.01.19"]
[Site "chess.com INT"]
[Date "2021.01.19"]
[Round "2"]
[White "Plotnikov, P."]
[Black "Rodrigue-Lemieux, Shawn"]
[Result "0-1"]
[WhiteElo "2297"]
[BlackElo "2276"]
[PlyCount "94"]
[EventDate "2021.01.19"]
[EventType "swiss (blitz)"]
[EventRounds "11"]
[EventCountry "NET"]
[Source "Mark Crowther"]
[SourceDate "2021.01.25"]

1. e4 c6 2. d4 d5 3. exd5 cxd5 4. c4 Nf6 5. Nc3 Nc6 6. Nf3 e6 7. Be2 Bb4 8. O-O
O-O 9. a3 Be7 10. c5 Ne4 11. Be3 b6 12. Nxe4 dxe4 13. Nd2 Nxd4 14. Nxe4 Nxe2+
15. Qxe2 Bb7 16. Rfd1 Qb8 17. Nd6 bxc5 18. Bxc5 Bd5 19. Rxd5 exd5 20. Qxe7 Qxb2
21. Re1 h6 22. h3 d4 23. Qe4 Rab8 24. Bxd4 Qxa3 25. Qe5 f6 26. Qd5+ Kh7 27.
Qf5+ Kh8 28. Ne4 Qb4 29. Rd1 Rbd8 30. Nxf6 Rxf6 31. Qxf6 gxf6 32. Bxf6+ Kh7 33.
Rxd8 Qe1+ 34. Kh2 Qxf2 35. Be5 a5 36. Rd7+ Kg8 37. Rg7+ Kf8 38. Rb7 a4 39. Rh7
Qf5 40. Bd6+ Kg8 41. Rxh6 a3 42. Bxa3 Qf4+ 43. g3 Qxh6 44. Kg2 Qd2+ 45. Kh1
Qd1+ 46. Kg2 Qc2+ 47. Kh1 Qb1+ 0-1

[Event "Titled Tuesday 2021.01.19"]
[Site "chess.com INT"]
[Date "2021.01.19"]
[Round "3"]
[White "Rodrigue-Lemieux, Shawn"]
[Black "Andrejevs, Arvids"]
[Result "1-0"]
[WhiteElo "2276"]
[BlackElo "2204"]
[PlyCount "53"]
[EventDate "2021.01.19"]
[EventType "swiss (blitz)"]
[EventRounds "11"]
[EventCountry "NET"]
[Source "Mark Crowther"]
[SourceDate "2021.01.25"]

1. g3 d5 2. Bg2 e6 3. c4 Nf6 4. b3 Be7 5. Bb2 c5 6. e3 Nc6 7. Nf3 O-O 8. O-O b6
9. cxd5 Nxd5 10. Nc3 Ndb4 11. d4 Bb7 12. a3 Nd5 13. Nxd5 exd5 14. dxc5 bxc5 15.
Rc1 Rc8 16. Re1 Na5 17. Ne5 Bf6 18. b4 cxb4 19. axb4 Bxe5 20. Bxe5 Nc4 21. Bd4
a5 22. bxa5 Qxa5 23. Qg4 f6 24. Ra1 Qc7 25. Reb1 Bc6 26. Ra7 h5 27. Qe6+ 1-0

[Event "Titled Tuesday 2021.01.19"]
[Site "chess.com INT"]
[Date "2021.01.19"]
[Round "4"]
[White "Rodrigue-Lemieux, Shawn"]
[Black "Zhigalko, Sergei"]
[Result "0-1"]
[WhiteElo "2276"]
[BlackElo "2572"]
[PlyCount "174"]
[EventDate "2021.01.19"]
[EventType "swiss (blitz)"]
[EventRounds "11"]
[EventCountry "NET"]
[Source "Mark Crowther"]
[SourceDate "2021.01.25"]

1. c4 e5 2. g3 Nf6 3. Bg2 c6 4. d4 exd4 5. Qxd4 Na6 6. Nf3 Bc5 7. Qd1 O-O 8.
O-O Re8 9. Nc3 Bf8 10. b3 Nc5 11. Bb2 a5 12. Nd4 d6 13. Rc1 Bg4 14. Qd2 Qb6 15.
h3 Bh5 16. Kh2 Bg6 17. Rfd1 a4 18. bxa4 Nxa4 19. Nxa4 Rxa4 20. Ba1 Qa6 21. Qg5
Rxa2 22. Nf5 Bxf5 23. Qxf5 Rexe2 24. Bxf6 Rxf2 25. Qxf2 Rxf2 26. Bd4 Re2 27.
Kg1 Qa2 28. Bf1 Rd2 29. Ra1 Qc2 30. Rxd2 Qxd2 31. Bf2 g6 32. Ra8 Kg7 33. Rb8
Qb2 34. Re8 Qf6 35. Re4 Qd8 36. Bd4+ Kg8 37. Bf2 Bg7 38. Re2 Be5 39. Ra2 Kg7
40. Ra3 h5 41. h4 Qf6 42. Kg2 Qe6 43. Rb3 Qd7 44. Rb1 d5 45. cxd5 Qxd5+ 46. Kh3
Qe6+ 47. Kg2 Qd5+ 48. Kh3 Qd2 49. Be1 Qe3 50. Bg2 Bd6 51. Rd1 Qe6+ 52. Kh2 Be5
53. Rd2 Qg4 54. Rd3 Qxh4+ 55. Kg1 Qf6 56. Rf3 Bd4+ 57. Kh2 Qe5 58. Bd2 h4 59.
Bf4 hxg3+ 60. Kxg3 Qe6 61. Bh3 Qe4 62. Bg2 Be5 63. Bxe5+ Qxe5+ 64. Kf2 f5 65.
Re3 Qd4 66. Ke2 Kf6 67. Rd3 Qb2+ 68. Kf3 Qe5 69. Bf1 g5 70. Re3 g4+ 71. Kf2 Qd4
72. Ke2 f4 73. Rd3 f3+ 74. Ke1 Qe5+ 75. Kf2 Qf4 76. Rb3 g3+ 77. Kg1 Qd4+ 78.
Kh1 g2+ 79. Bxg2 fxg2+ 80. Kxg2 Qd5+ 81. Rf3+ Ke5 82. Kf2 Qxf3+ 83. Kxf3 Kd4
84. Ke2 Kc3 85. Kd1 Kb2 86. Kd2 c5 87. Kd3 b5 0-1

[Event "Titled Tuesday 2021.01.19"]
[Site "chess.com INT"]
[Date "2021.01.19"]
[Round "5"]
[White "Msellek, I."]
[Black "Rodrigue-Lemieux, Shawn"]
[Result "1-0"]
[WhiteElo "2316"]
[BlackElo "2276"]
[PlyCount "73"]
[EventDate "2021.01.19"]
[EventType "swiss (blitz)"]
[EventRounds "11"]
[EventCountry "NET"]
[Source "Mark Crowther"]
[SourceDate "2021.01.25"]

1. d4 Nf6 2. Nf3 d5 3. e3 c5 4. b3 cxd4 5. exd4 Nc6 6. Bd3 Bg4 7. Bb2 e6 8. a3
Bd6 9. O-O O-O 10. Nbd2 Rc8 11. h3 Bh5 12. Qe1 Re8 13. Ne5 Bxe5 14. dxe5 Nd7
15. f4 Nc5 16. Qe3 Nxd3 17. cxd3 d4 18. Qf2 Bg6 19. Ne4 Bxe4 20. dxe4 Qb6 21.
b4 Rcd8 22. Rfd1 Rd7 23. Rd3 Red8 24. Qg3 a5 25. f5 axb4 26. f6 g6 27. axb4
Qxb4 28. Ba3 Qa5 29. Rf1 Qxe5 30. Qh4 h5 31. Rg3 d3 32. Rg5 Qd4+ 33. Kh2 d2 34.
Rxh5 Qxf6 35. Qxf6 gxh5 36. Qg5+ Kh7 37. Rf6 1-0

[Event "Titled Tuesday 2021.01.12"]
[Site "chess.com INT"]
[Date "2021.01.12"]
[Round "1"]
[White "Langner, L1."]
[Black "Rodrigue-Lemieux, Shawn"]
[Result "0-1"]
[WhiteElo "2380"]
[BlackElo "2276"]
[PlyCount "120"]
[EventDate "2021.01.12"]
[EventType "swiss (blitz)"]
[EventRounds "11"]
[EventCountry "NET"]
[Source "Mark Crowther"]
[SourceDate "2021.01.18"]

1. e4 c6 2. d4 d5 3. e5 Bf5 4. Nd2 e6 5. Nb3 Ne7 6. Nf3 Bg6 7. Nh4 Nf5 8. Nxf5
Bxf5 9. Bd3 Bxd3 10. Qxd3 Qb6 11. O-O Qa6 12. Qg3 Nd7 13. Be3 O-O-O 14. Rfc1 h6
15. c4 dxc4 16. Nd2 Nb6 17. Qf3 Rd7 18. Qe2 Bb4 19. Nxc4 Kb8 20. Kf1 Nd5 21. a3
Be7 22. b4 Rhd8 23. Na5 Qxe2+ 24. Kxe2 Bg5 25. g3 Be7 26. Rc2 g5 27. h3 h5 28.
g4 Rh8 29. Rcc1 hxg4 30. hxg4 Rh4 31. Kf3 Rh3+ 32. Kg2 Rh4 33. Kf3 Rd8 34. Rh1
Rdh8 35. Rxh4 Rxh4 36. Nc4 Kc7 37. Rg1 Rh3+ 38. Kg2 Rh4 39. Kf3 b5 40. Nb2 a5
41. bxa5 Bxa3 42. Bxg5 Rh3+ 43. Kg2 Rb3 44. Nd1 Bb4 45. Ne3 Bxa5 46. Nxd5+ cxd5
47. Rc1+ Rc3 48. Rb1 b4 49. Bd2 Rc4 50. Be3 Kc6 51. Kf3 Kb5 52. Ke2 Rc2+ 53.
Kd3 Ra2 54. g5 Ra3+ 55. Kc2 Kc4 56. Rg1 Ra2+ 57. Kb1 b3 58. Rc1+ Bc3 59. Rxc3+
Kxc3 60. f4 Re2 0-1

[Event "Titled Tuesday 2021.01.12"]
[Site "chess.com INT"]
[Date "2021.01.12"]
[Round "2"]
[White "Rodrigue-Lemieux, Shawn"]
[Black "Berdnyk, Mariia"]
[Result "1/2-1/2"]
[WhiteElo "2276"]
[BlackElo "2289"]
[PlyCount "213"]
[EventDate "2021.01.12"]
[EventType "swiss (blitz)"]
[EventRounds "11"]
[EventCountry "NET"]
[Source "Mark Crowther"]
[SourceDate "2021.01.18"]

1. c4 c5 2. g3 g6 3. Bg2 Bg7 4. Nf3 Nc6 5. O-O e5 6. Nc3 d6 7. Ne1 Be6 8. d3
Nge7 9. Nc2 d5 10. cxd5 Nxd5 11. Ne3 Nde7 12. a3 O-O 13. Rb1 a5 14. Ne4 b6 15.
Bd2 h6 16. Bc3 f5 17. Nd2 Rc8 18. b4 cxb4 19. axb4 axb4 20. Bxb4 Nxb4 21. Rxb4
Nc6 22. Rb1 Nd4 23. Nec4 b5 24. Na3 Qa5 25. e3 Qxa3 26. exd4 exd4 27. Re1 Bf7
28. Nf3 Rc3 29. Rxb5 Rxd3 30. Qe2 Re8 31. Ne5 Rb3 32. f4 Re3 33. Qf2 Bxe5 34.
Rxe5 R8xe5 35. fxe5 Qc3 36. Rd1 Rxe5 37. Rxd4 Qc1+ 38. Bf1 Re1 39. Kg2 Qe3 40.
Rd8+ Kg7 41. Qb2+ Qe5 42. Qxe5+ Rxe5 43. Kf2 Rd5 44. Rb8 Rd2+ 45. Kg1 Rd1 46.
Rb7 Kf6 47. Kf2 Rd2+ 48. Kg1 Rd1 49. Kf2 g5 50. Rb6+ Kg7 51. Rb7 Rd2+ 52. Ke3
Rc2 53. Bd3 Rc5 54. h4 Re5+ 55. Kd2 gxh4 56. gxh4 f4 57. Bc4 Rf5 58. Ke2 Kf8
59. Rb8+ Kg7 60. Bd3 Rf6 61. Kf2 f3 62. Rb4 Bd5 63. Rg4+ Kf7 64. Rd4 Bc6 65.
Bc4+ Ke7 66. Rg4 Rd6 67. Rg7+ Kf6 68. Rf7+ Kg6 69. Rf4 Rd2+ 70. Ke3 Rh2 71.
Bf7+ Kg7 72. Bh5 Re2+ 73. Kd3 Re7 74. Bxf3 Bxf3 75. Rxf3 Rd7+ 76. Ke3 Re7+ 77.
Kf4 Rf7+ 78. Kg4 Rxf3 79. Kxf3 Kg6 80. Kg4 h5+ 81. Kf4 Kh6 82. Kf5 Kh7 83. Kg5
Kg7 84. Kxh5 Kh7 85. Kg5 Kg7 86. Kf5 Kh6 87. Kg4 Kg6 88. Kg3 Kh5 89. Kh3 Kh6
90. Kg4 Kg6 91. h5+ Kh6 92. Kh4 Kh7 93. Kg3 Kg7 94. Kg4 Kh6 95. Kh4 Kh7 96. Kg5
Kg7 97. Kf5 Kh7 98. Kf4 Kh6 99. Kg4 Kg7 100. Kg5 Kh7 101. h6 Kh8 102. Kg6 Kg8
103. Kf6 Kh7 104. Kg5 Kh8 105. Kh5 Kg8 106. Kh4 Kh7 107. Kg5 1/2-1/2

[Event "Titled Tuesday 2021.01.12"]
[Site "chess.com INT"]
[Date "2021.01.12"]
[Round "3"]
[White "Alinasab, Mobina"]
[Black "Rodrigue-Lemieux, Shawn"]
[Result "0-1"]
[WhiteElo "2317"]
[BlackElo "2276"]
[PlyCount "62"]
[EventDate "2021.01.12"]
[EventType "swiss (blitz)"]
[EventRounds "11"]
[EventCountry "NET"]
[Source "Mark Crowther"]
[SourceDate "2021.01.18"]

1. e4 c6 2. d4 d5 3. e5 Bf5 4. Nc3 e6 5. g4 Bg6 6. Nge2 h5 7. Nf4 Bh7 8. Nxh5
c5 9. dxc5 Nc6 10. f4 Bg6 11. Ng3 Bxc5 12. Bb5 Qh4 13. Qf3 Nge7 14. f5 exf5 15.
Nxd5 fxg4 16. Qg2 O-O-O 17. Nxe7+ Qxe7 18. Bxc6 Qxe5+ 19. Ne2 bxc6 20. Qxc6+
Qc7 21. Qa6+ Qb7 22. Qxb7+ Kxb7 23. Bd2 Rhe8 24. Rf1 Rd7 25. b4 Bd4 26. O-O-O
Rxe2 27. Rf4 Rxd2 28. Rxd2 Be3 29. Rff2 Rxd2 30. Rxd2 Kc6 31. c4 Bd3 0-1

[Event "Titled Tuesday 2021.01.12"]
[Site "chess.com INT"]
[Date "2021.01.12"]
[Round "4"]
[White "Fedoseev, Vl3"]
[Black "Rodrigue-Lemieux, Shawn"]
[Result "1-0"]
[WhiteElo "2687"]
[BlackElo "2276"]
[PlyCount "75"]
[EventDate "2021.01.12"]
[EventType "swiss (blitz)"]
[EventRounds "11"]
[EventCountry "NET"]
[Source "Mark Crowther"]
[SourceDate "2021.01.18"]

1. d4 Nf6 2. c4 e6 3. Nc3 Bb4 4. f3 Nc6 5. e4 d5 6. cxd5 exd5 7. e5 Ne4 8. Nge2
Nxc3 9. bxc3 Be7 10. Nf4 O-O 11. Qb3 Bg5 12. Bd3 Ne7 13. O-O Kh8 14. Ne6 fxe6
15. Bxg5 Qe8 16. Qa3 Ng8 17. f4 Bd7 18. Rab1 b6 19. Rf3 h6 20. Bh4 a6 21. Re1
Bb5 22. Bc2 Qh5 23. Bf2 Qf7 24. Qc1 Ne7 25. g4 c5 26. f5 cxd4 27. Bxd4 exf5 28.
gxf5 Qh5 29. Qf4 Ng6 30. Qg3 Nh4 31. Rf4 Nxf5 32. Qf2 Qg5+ 33. Kh1 Bd7 34. e6
Bxe6 35. Rxe6 Ng3+ 36. hxg3 Rxf4 37. Qxf4 Qh5+ 38. Kg2 1-0

[Event "Titled Tuesday 2021.01.12"]
[Site "chess.com INT"]
[Date "2021.01.12"]
[Round "5"]
[White "Rodrigue-Lemieux, Shawn"]
[Black "Malka, S."]
[Result "1-0"]
[WhiteElo "2276"]
[BlackElo "2225"]
[PlyCount "95"]
[EventDate "2021.01.12"]
[EventType "swiss (blitz)"]
[EventRounds "11"]
[EventCountry "NET"]
[Source "Mark Crowther"]
[SourceDate "2021.01.18"]

1. c4 Nf6 2. g3 g6 3. Bg2 Bg7 4. Nc3 O-O 5. e4 d6 6. Nge2 c5 7. O-O Nc6 8. d3
Ne8 9. Be3 Nd4 10. Rb1 Nc7 11. b4 Nce6 12. Qd2 Rb8 13. f4 f5 14. Nd5 b6 15.
bxc5 dxc5 16. e5 Nxe2+ 17. Qxe2 Bb7 18. a4 Nc7 19. Nxc7 Qxc7 20. Bd5+ Kh8 21.
Bxb7 Qxb7 22. a5 Rfd8 23. axb6 axb6 24. Bxc5 Qc7 25. Bf2 Qc6 26. d4 Rbc8 27.
Rfc1 e6 28. Qb2 Rb8 29. Qb5 Qe4 30. Re1 Qd3 31. Qb3 Rxd4 32. Qxd3 Rxd3 33. Rxb6
Rxb6 34. Bxb6 Bf8 35. Rc1 Ba3 36. Rc2 g5 37. fxg5 Kg7 38. c5 Bxc5+ 39. Bxc5 Rd5
40. Be7 Kg6 41. Bf6 h6 42. gxh6 Kxh6 43. Rc6 Kg6 44. Rxe6 f4 45. Bh4+ Kf5 46.
Rf6+ Kxe5 47. Rxf4 Rd2 48. Rf2 1-0

[Event "Titled Tuesday 2021.01.12"]
[Site "chess.com INT"]
[Date "2021.01.12"]
[Round "6"]
[White "Damjanovic, V."]
[Black "Rodrigue-Lemieux, Shawn"]
[Result "0-1"]
[WhiteElo "2393"]
[BlackElo "2276"]
[PlyCount "68"]
[EventDate "2021.01.12"]
[EventType "swiss (blitz)"]
[EventRounds "11"]
[EventCountry "NET"]
[Source "Mark Crowther"]
[SourceDate "2021.01.18"]

1. d4 Nf6 2. Nc3 e6 3. Bf4 d5 4. Nb5 Na6 5. e3 c6 6. Nc3 Bd6 7. Nf3 O-O 8. Bxa6
bxa6 9. Na4 Bxf4 10. exf4 Ne4 11. c3 Qd6 12. Ne5 a5 13. f3 Nf6 14. Nc5 Ne8 15.
O-O f6 16. Ned3 Nc7 17. Qa4 Ba6 18. Qxa5 Bxd3 19. Nxd3 e5 20. fxe5 fxe5 21.
Nxe5 Ne6 22. Qa6 Rab8 23. Qxc6 Qxc6 24. Nxc6 Rxb2 25. Ne7+ Kf7 26. Nxd5 Rd8 27.
Ne3 Rc8 28. Rac1 Rxa2 29. g3 a5 30. d5 Ng5 31. Nf5 Rd8 32. d6 g6 33. Ne3 Rxd6
34. Rfd1 Nxf3+ 0-1

[Event "Titled Tuesday 2021.01.12"]
[Site "chess.com INT"]
[Date "2021.01.12"]
[Round "7"]
[White "Kamsky, G."]
[Black "Rodrigue-Lemieux, Shawn"]
[Result "0-1"]
[WhiteElo "2665"]
[BlackElo "2276"]
[PlyCount "80"]
[EventDate "2021.01.12"]
[EventType "swiss (blitz)"]
[EventRounds "11"]
[EventCountry "NET"]
[Source "Mark Crowther"]
[SourceDate "2021.01.18"]

1. e4 c6 2. d4 d5 3. exd5 cxd5 4. Bd3 Nc6 5. c3 Qc7 6. Ne2 Bg4 7. O-O Nf6 8.
Qe1 Bxe2 9. Qxe2 e6 10. Nd2 Bd6 11. Nf3 Bf4 12. Bxf4 Qxf4 13. g3 Qc7 14. Ne5
Nxe5 15. dxe5 Nd7 16. Rfe1 O-O 17. Rad1 Rab8 18. Bb1 g6 19. h4 b5 20. Rd4 a5
21. a3 b4 22. axb4 axb4 23. cxb4 Rfc8 24. h5 Qxe5 25. Qd2 Qxh5 26. Kg2 Ne5 27.
Rh4 Nf3 28. Rxh5 Nxd2 29. Rh4 Rc4 30. Rxc4 Nxc4 31. b3 Nd6 32. Bc2 Rxb4 33. Ra1
Kg7 34. Kf3 Nb5 35. Ke3 Nd4 36. Kd3 Nxb3 37. Ra7 Nc5+ 38. Kc3 Rb7 39. Ra5 Nd7
40. Kd2 Ne5 0-1